The financial planner's guide to estate planning

Bibliographic Details
Main Author: Lochray, Paul J. (Author)
Format: Book
Language:English
Published: Englewood Cliffs, NJ : Prentice-Hall , c1987
Subjects:

MARC

LEADER 00000cam a2200000 7i4500
001 0000019652
005 20141116093000.0
008 021119s1986 nju eng
020 |a 0133164640 
050 0 0 |a d53 KF750   |b .L6 1986 
090 0 0 |a d53 KF750   |b .L6 1986 
100 0 |a Lochray, Paul J. ,   |e author 
245 1 4 |a The financial planner's guide to estate planning   |c Paul J. Lochray 
260 2 |a Englewood Cliffs, NJ :   |b Prentice-Hall ,   |c c1987 
300 |a xi, 285 p. ;   |c 24 cm. 
500 |a Includes index references 
650 0 |a Estate planning   |z United States 
650 0 |a Inheritance and transfer tax   |x Law and legislation   |z United States 
999 |a 1000014334   |b Book   |c OPEN SHELF (30 DAYS)   |e Gong Badak Campus